000 00422pab a2200145 454500
008 180718b1990 xxu||||| |||| 00| 0 eng d
100 _aGerritsen, Rolf
245 _aInforming wilderness policy
_bThe distributional implications of Wilderness conservation
260 _c1990
300 _a51-62
362 _aMar.
650 _aForests - Australia
773 _aAustralian Journal of Public Administration
909 _a9025
999 _c9025
_d9025